Ryanair International routes from London Stansted Airport (STN) - Statistics

General Stats
  • This quiz has been taken 19 times
  • The average score is 85 of 155
Answer Stats
International Route Country % Correct
Athens Greece
94%
Bratislava Slovakia
94%
Budapest Hungary
94%
Palma de Mallorca Spain
94%
Santiago de Compostela Spain
94%
Barcelona Spain
88%
Berlin Germany
88%
Copenhagen Denmark
88%
Cork Ireland
88%
Oslo Norway
88%
Palermo Italy
88%
Prague Czechia
88%
Stockholm-Arlanda Sweden
88%
Stockholm-Vasteras Sweden
88%
Dublin Ireland
82%
Genoa Italy
82%
Hamburg Germany
82%
Helsinki Finland
82%
Kos Greece
82%
Lisbon Portugal
82%
Madrid Spain
82%
Milan-Malpensa Italy
82%
Porto Portugal
82%
Riga Latvia
82%
Rome-Ciampino Italy
82%
Sofia Bulgaria
82%
Toulouse France
82%
Valencia Spain
82%
Vienna Austria
82%
Warsaw-Modlin Poland
82%
Aarhus Denmark
76%
Basel/Mulhouse France/Switzerland
76%
Bologna Italy
76%
Dubrovnik Croatia
76%
Gdansk Poland
76%
Gothenburg Sweden
76%
Krakow Poland
76%
Luxembourg Luxembourg
76%
Marseille France
76%
Naples Italy
76%
Nice France
76%
Rabat Morocco
76%
Sarajevo Bosnia & Herzegovina
76%
Seville Spain
76%
Tirana Albania
76%
Turin Italy
76%
Venice Italy
76%
Alicante Spain
71%
Bari Italy
71%
Brno Czechia
71%
Faro Portugal
71%
Nantes France
71%
Pisa Italy
71%
Podgorica Montenegro
71%
Tallinn Estonia
71%
Vilnius Lithuania
71%
Wroclaw Poland
71%
Cluj-Napoca Romania
65%
Cologne Germany
65%
Fez Morocco
65%
Gran Canaria Spain
65%
Hahn Germany
65%
Katowice Poland
65%
Kaunas Lithuania
65%
Malaga Spain
65%
Plovdiv Bulgaria
65%
Poznan Poland
65%
Salzburg Austria
65%
Tenerife-South Spain
65%
Zagreb Croatia
65%
Agadir Morocco
59%
Bergamo Italy
59%
Bodrum Turkiye
59%
Catania Spain
59%
Corfu Greece
59%
Ibiza Spain
59%
Kosice Slovakia
59%
Lanzarote Spain
59%
Nuremburg Germany
59%
Ostrava Czechia
59%
Paphos Cyprus
59%
Tangier Morocco
59%
Thessaloniki Greece
59%
Zadar France
59%
Zakynthos Greece
59%
Bremen Germany
53%
Eindhoven Netherlands
53%
Funchal Portugal
53%
Santorini Greece
53%
Shannon Ireland
53%
Szczecin Poland
53%
Trieste Italy
53%
Brindisi Italy
47%
Cagliari Italy
47%
Chania Greece
47%
Knock Ireland
47%
Lodz Poland
47%
Rhodes Greece
47%
Rijeka Croatia
47%
Verona Italy
47%
Dalaman Turkiye
41%
Lamezia Terme Italy
41%
Linz Austria
41%
Menorca Spain
41%
Perugia Italy
41%
Pula Croatia
41%
Reggio Calabria Italy
41%
Rimini Italy
41%
Santander Spain
41%
Alghero Italy
35%
Almeria Spain
35%
Ancona Italy
35%
Carcassonne France
35%
Fuerteventura Spain
35%
Grenoble France
35%
Kerry Ireland
35%
Klagenfurt Austria
35%
Olbia Italy
35%
Rovaniemi Finland
35%
Bucharest-Otopeni Romania
29%
Girona Italy
29%
Karlsruhe Germany
29%
Kefalonia Greece
29%
Lubeck Germany
29%
Osijek Croatia
29%
Palanga Lithuania
29%
Perpignan France
29%
Rzeszow Poland
29%
Salerno Italy
29%
Trapani Italy
29%
Biarritz France
24%
La Rochelle France
24%
Limoges France
24%
Lourdes France
24%
Memmingen Germany
24%
Murcia Spain
24%
Pescara Italy
24%
Preveza Greece
24%
Reus Spain
24%
Sandefjord Norway
24%
Munster Germany
18%
Parma Italy
18%
Tours France
18%
Bergerac France
12%
Castellon Spain
12%
Nimes France
12%
Olsztyn Poland
12%
Poitiers France
12%
Beziers France
6%
Brive France
6%
Forli Italy
6%
Rodez France
6%
Bydogoszcz Poland
0%
Essaouria Morocco
0%
Zarazoga Spain
0%
No matching quizzes found
Score Distribution
Percent of People with Each Score
Percentile by Number Answered
Your Score History
You have not taken this quiz